000
00277nam a2200109Ia 4500
008
230205s9999 xx 000 0 und d
022
_a
2455-2194
245
0
_a
Current Central Legislation (CCL)
260
_b
Eastern Book Company
_a
Lucknow
_c
2022
650
_a
Law
942
_c
J
_s
1
999
_c
19893
_d
19893